| 000 | 00932nam a2200229 4500 | ||
|---|---|---|---|
| 010 | _aB-000297 | ||
| 020 | _a9783110280845 | ||
| 035 | _aB-000297 | ||
| 037 | _bCen Lib / Ret | ||
| 040 |
_aDPL _bEN |
||
| 082 |
_a028.7071 _bIFL |
||
| 245 |
_aThe road to information literacy : _blibrarians as facilitators of learning / _cedited by Roisin Gwyer, Ruth Stubbings [and] Graham Walton |
||
| 300 |
_a343p : _c27cm(Hb) |
||
| 490 |
_aIFLA publications _v157 |
||
| 650 | _aLibrarians -- In-service training -- Congresses. | ||
| 650 | _aLibrary employees -- In-service training -- Congresses. | ||
| 650 | _a Librarians -- In-service training -- Congresses. Library employees -- In-service training -- Congresses. Information literacy -- Study and teaching -- Congresses. | ||
| 700 | _aGwyer, Roisin | ||
| 700 | _aStubbings, Ruth | ||
| 700 | _aWalton, Graham | ||
| 942 |
_2ddc _cEN _h028.7071 _mIFL |
||
| 999 |
_c136845 _d136845 |
||